000 01765nam0a2200325 i 4500
001 RU\NLR\BIBL_A\010451807
005 20241103114349.0
010 _a9785950901003
_9100
021 _aRU
_b2014-43118
_92624
035 _a(NILC)RuMoRGB-007507313
035 _a(NLR Aleph) 010451807
090 _a9931994
_c9931994
100 _a20140815d2013 u y0rusy50 ca
101 0 _arus
102 _aRU
105 _aa|||j|||000yy
200 1 _aЭлементы и функциональные устройства судовой автоматики
_e[учебное пособие]
_fВ. М. Приходько, Н. В. Широков
_gФедер. агентство морского и речного транспорта, Федер. гос. бюджет. образоват. учреждение высш. проф. образования "Гос. ун-т морского и речного флота им. адмирала С. О. Макарова"
210 _aСанкт-Петербург
_cГосударственный университет морского и речного флота
_d2013
215 _a137 с.
_cил.
_d21
320 _aБиблиогр.: с. 137 (3 назв.)
606 _aСудовые автоматические устройства
_jУчебные издания для высших учебных заведений
_92349034
_3RU\NLR\AUTH\661403531
686 1 _aО42-051-04я73-1
700 1 _aПриходько
_bВ. М.
_f1947-
_gВалентин Макарович
701 1 _aШироков
_bН. В.
_f1956-
_gНиколай Викторович
801 0 _aRU
_bРГБ
_c20140617
_gRCR
801 1 _aRU
_bРГБ
_c20140617
_2rusmarc
942 _cBOOK
980 _aNBR